Guardians and wards act, 1890 with Madras high cour rules : (Record no. 143864)

MARC details
000 -LEADER
fixed length control field 00617nam a22001817a 4500
005 - DATE AND TIME OF LATEST TRANSACTION
control field 20170906171104.0
010 ## - LCCN (DPL NO)
LC control number ENG-120126
020 ## - INTERNATIONAL STANDARD BOOK NUMBER
Terms of availability 250.00
035 ## - SYSTEM CONTROL NUMBER
System control number EN-103658
037 ## - SOURCE OF ACQUISITION
Source of stock number/acquisition DBAD/PUB
082 ## - DEWEY DECIMAL CLASSIFICATION NUMBER
Classification number 346.54018
100 ## - MAIN ENTRY--PERSONAL NAME
Personal name Jerard, F.V
245 ## - TITLE STATEMENT
Title Guardians and wards act, 1890 with Madras high cour rules :
Remainder of title a compendium of supreme court and Madras high court cases /
Statement of responsibility, etc by F.V Jerard
260 ## - PUBLICATION, DISTRIBUTION, ETC. (IMPRINT)
Place of publication, distribution, etc Nagapattinam
Name of publisher, distributor, etc Vijaya Victor Publications
Date of publication, distribution, etc 2016
270 ## - ADDRESS
Address No. 50, Bungalow Club Road
City Nagapattinam
300 ## - PHYSICAL DESCRIPTION
Extent xxiv, 239p.
Dimensions 21cm(pbk)
942 ## - ADDED ENTRY ELEMENTS (KOHA)
Source of classification or shelving scheme Dewey Decimal Classification
Item type English Books
Classification part 346.54018
Call number suffix JER
Holdings
Withdrawn status Lost status Not for loan Collection code Home library Current library Date acquired Source of acquisition Cost, normal purchase price Full call number Barcode Copy number Cost, replacement price Koha item type
    Not For Loan Non-fiction D.B.Act.Division Bawana 06/09/2017 DBAD/PUB 250.00 346.54018 JER EN-103658 1 250.00 English Books

© Delhi Public Library
Hit Counter
free hit counter